<?xml version="1.0" encoding="UTF-8"?>
<record
    xmlns:xsi="http://www.w3.org/2001/XMLSchema-instance"
    xsi:schemaLocation="http://www.loc.gov/MARC21/slim http://www.loc.gov/standards/marcxml/schema/MARC21slim.xsd"
    xmlns="http://www.loc.gov/MARC21/slim">

  <leader>01233nam a2200157   4500</leader>
  <controlfield tag="001">14078</controlfield>
  <controlfield tag="005">20260422183321.0</controlfield>
  <datafield tag="010" ind1=" " ind2=" ">
    <subfield code="a">9782842609917</subfield>
  </datafield>
  <datafield tag="090" ind1=" " ind2=" ">
    <subfield code="a">14078</subfield>
  </datafield>
  <datafield tag="099" ind1=" " ind2=" ">
    <subfield code="o">0</subfield>
  </datafield>
  <datafield tag="100" ind1=" " ind2=" ">
    <subfield code="a">20260417d        u||y0frey50      ba</subfield>
  </datafield>
  <datafield tag="200" ind1=" " ind2=" ">
    <subfield code="a">Laetitia / Indign</subfield>
    <subfield code="b">LIVR</subfield>
    <subfield code="f">Hugo Jannet</subfield>
  </datafield>
  <datafield tag="214" ind1=" " ind2=" ">
    <subfield code="c">Editions th&#xE9;&#xE2;trales</subfield>
  </datafield>
  <datafield tag="330" ind1=" " ind2=" ">
    <subfield code="a">&#xAB; Le jour o&#xF9; t'entendras un ma&#xE7;on sur France Inter parler d'son taf, j'te file un RTT.&#xBB;

Hugo Jannet donne la parole aux marginaux, aux laiss&#xE9;s-pour-compte d'un capitalisme &#xE9;crasant, &#xE0; ceux dont on dit qu'ils &#xAB; ne sont rien &#xBB;, et dont les productions culturelles pr&#xE9;f&#xE8;rent rire. Deux textes percutants, &#xE2;pres, &#xE0; la langue musicale tiss&#xE9;e d'argots, entre th&#xE9;&#xE2;tre politique et r&#xE9;cit intime.

Laetitia
Laetitia raconte &#xE0; son petit fr&#xE8;re sa pr&#xE9;carit&#xE9;, le CAP peinture qu'elle doit suivre en attendant son proc&#xE8;s, les conflits et soucis du quotidien, sa d&#xE9;pendance &#xE0; la drogue, mais aussi la tendresse et la lumi&#xE8;re

Indigne
Dans Indigne, c'est un petit entrepreneur en b&#xE2;timent qui monologue devant son jeune employ&#xE9;, faisant appara&#xEE;tre la rudesse de ses journ&#xE9;es et sa lucidit&#xE9; sur les contradictions de la soci&#xE9;t&#xE9;.</subfield>
  </datafield>
  <datafield tag="610" ind1=" " ind2=" ">
    <subfield code="a">pr&#xE9;carit&#xE9;</subfield>
    <subfield code="a">artisan</subfield>
    <subfield code="a">politique</subfield>
  </datafield>
  <datafield tag="700" ind1=" " ind2=" ">
    <subfield code="a">Jannet</subfield>
    <subfield code="b">Hugo</subfield>
  </datafield>
  <datafield tag="995" ind1=" " ind2=" ">
    <subfield code="2">0</subfield>
    <subfield code="5">2026-04-17</subfield>
    <subfield code="9">13969</subfield>
    <subfield code="c">JOL</subfield>
    <subfield code="f">JOL-007779</subfield>
    <subfield code="k">TH JAN 1</subfield>
    <subfield code="o">0</subfield>
    <subfield code="b">JOL</subfield>
    <subfield code="r">LIVR</subfield>
  </datafield>
</record>
